000 01240nam a2200301Ia 4500
005 20220317001348.0
008 161108s2008 ck g 000 p spa
020 _a9789583801464
100 1 _aBonnett Vélez, Piedad
_d1951-
245 1 4 _aLos privilegios del olvido
_bantología personal
_cPiedad Bonnett ; prólogo de José Watanabe
250 _aPrimera edición., primera reimpresión
300 _a183 páginas
_c21 cm
490 _aTierra firme
505 _aTretas del débil (2004) -- Para otros en el cielo -- Tretas del débil -- Todos los amantes son guerreros (1998) -- Ese animal triste -- El hilo de los días (1995) -- Nadie en casa (1994) -- De círculo y ceniza (1989)
650 1 4 _2LEMB
_aPoesia colombiana
_ySiglo XX
650 1 4 _2LEMB
_aLiteratura colombiana
_ySiglo XX
650 1 4 _2LEMB
_aAmor en la literatura
650 1 4 _2LEMB
_aDolor en la literatura
650 1 4 _2LEMB
_aMiedo en la literatura
650 1 4 _2LEMB
_aSoledad en la literatura
942 _2loc
_cBKLIT
264 _aBogotá
_bFondo de Cultura Económica
_c2008
336 _atexto
_btxt
_2rdacontent
337 _asin mediación
_bn
_2rdamedia
338 _avolumen
_bnc
_2rdacarrier
040 _aCO-BoRNBP
_bspa
_erda
_cCO-BoRNBP
084 _aP BON2
999 _c6738
_d6738